00322nam a2200145Ia 45000030006000000080041000060400015000471000021000622450039000832500010001222600009001323000006001415460012001470050017001590STCL150530s9999 xx 000 0 und d aSTCLcSTCL aBaker Ernest, A. aHistory of the english novel vol-2 aFirst c1950 a0 aEnglish20220125170826.0